Shakespeare Plays by Character - Statistics

General Stats
  • This quiz has been taken 34 times
  • The average score is 10 of 13
Answer Stats
Hint Answer % Correct
Brutus, Cassius, Mark Antony Julius Caesar
100%
Tybalt, Mercutio, Friar Lawrence Romeo and Juliet
100%
Macduff, Duncan, Banquo Macbeth
97%
Puck, Lysander, Hermia A Midsummer Night's Dream
90%
Claudius, Ophelia, Laertes Hamlet
90%
Desdemona, Iago, Cassio Othello
87%
Antonio, Shylock, Portia Merchant of Venice
83%
Prospero, Miranda, Caliban The Tempest
80%
Buckingham, Edward IV, George Richard III
73%
Cordelia, Regan, Goneril King Lear
70%
Viola, Sebastian, Orsino Twelfth Night
60%
Petruchio, Katherina, Bianca The Taming of the Shrew
53%
Don John, Hero, Beatrice Much Ado About Nothing
47%
No matching quizzes found
Score Distribution
Percent of People with Each Score
Percentile by Number Answered
Your Score History
You have not taken this quiz